00988nam a2200289Ia 450000500170000000800270001702000180004410000250006224501390008725000170022630000260024350000430026953400340031265000250034665000270037165000410039870000430043970000220048294200150050426400300051933600270054933700330057633800280060904000350063708400110067299900150068320220317000403.0141031s9999 ck 000 0 spa d a97884155788021 aNobbs, David,d1935-13aEl regreso de Reginald Perrin cDavid Nobbs ; traducción del inglés a cargo de Julia Osuna Aguilar ; prefacio a cargo de Kiko Amat a1a edición a376 páginasc23 cm. aContiene datos biográficos del autor tThe return of Reginald Perrin142LEMBaNovela inglesa142LEMBaAutores ingleses142LEMBaHombres de medida edadvNovela1 aOsuna Aguilar, Juliaetraductor9152561 aAmat, Kiko915257 2loccBKLIT aMadridbImpedimentac2013 atextobtxt2rdacontent asin mediaciónbn2rdamedia avolumenbnc2rdacarrier aCO-BoRNBPbspaerdacCO-BoRNBP aN NOB1 c3903d3903